000 nam a22 7a 4500
999 _c7730
_d7730
008 171005b xxu||||| |||| 00| 0 eng d
100 _94213
_aKapoor.etal
245 _aWorld History-XI
260 _aNew Delhi
_bJPH
_c2008